Jak s kupóny.
Zodpovednosť za realizáciu kupónovej privatizácie má federálne ministerstvo financií (zabezpečuje tzv. dopytovú stranu) a národné ministerstvá pre privatizáciu, ktoré majú na starosti ponukovú stranu. Realizácia kupónovej privatizácie vo vlnách. Charakteristika jednotlivých fáz prvého kola procesu k...
Salvato in:
| Autore principale: | |
|---|---|
| Natura: | Capitolo di libro |
| Lingua: | ceco |
| Soggetti: | |
| Tags: |
Nessun Tag, puoi essere il primo ad aggiungerne!!
|
MARC
| LEADER | 00000naa a2200000 4500 | ||
|---|---|---|---|
| 001 | r006010 | ||
| 005 | 20221125080027.3 | ||
| 041 | 0 | |a cze | |
| 044 | |a [CS] | ||
| 245 | 1 | 0 | |a Jak s kupóny. |c J. Lízner |
| 520 | |a Zodpovednosť za realizáciu kupónovej privatizácie má federálne ministerstvo financií (zabezpečuje tzv. dopytovú stranu) a národné ministerstvá pre privatizáciu, ktoré majú na starosti ponukovú stranu. Realizácia kupónovej privatizácie vo vlnách. Charakteristika jednotlivých fáz prvého kola procesu kupónovej privatizácie. | ||
| 610 | 2 | 0 | |a privatizácia |
| 610 | 2 | 0 | |a ČSFR |
| 610 | 2 | 0 | |a spoločnosti akciové |
| 610 | 2 | 0 | |a akcie |
| 100 | 1 | |a Lizner, J. | |